<?xml version="1.0" encoding="UTF-8"?>
<record
    xmlns:xsi="http://www.w3.org/2001/XMLSchema-instance"
    xsi:schemaLocation="http://www.loc.gov/MARC21/slim http://www.loc.gov/standards/marcxml/schema/MARC21slim.xsd"
    xmlns="http://www.loc.gov/MARC21/slim">

  <leader>00278nam a2200121Ia 4500</leader>
  <controlfield tag="003">OSt</controlfield>
  <controlfield tag="005">20260206094942.0</controlfield>
  <datafield tag="040" ind1=" " ind2=" ">
    <subfield code="c">LCC</subfield>
  </datafield>
  <datafield tag="050" ind1=" " ind2=" ">
    <subfield code="a">K 3320 .D73 M325 2009</subfield>
  </datafield>
  <datafield tag="100" ind1=" " ind2=" ">
    <subfield code="a">MCLEOD, IAN</subfield>
  </datafield>
  <datafield tag="245" ind1=" " ind2="0">
    <subfield code="a">PRINCIPLES OF LEGISLATIVE AND REGULATORY DRAFTING</subfield>
  </datafield>
  <datafield tag="942" ind1=" " ind2=" ">
    <subfield code="c">BK</subfield>
    <subfield code="2">lcc</subfield>
  </datafield>
  <datafield tag="999" ind1=" " ind2=" ">
    <subfield code="c">161929</subfield>
    <subfield code="d">161929</subfield>
  </datafield>
  <datafield tag="952" ind1=" " ind2=" ">
    <subfield code="0">0</subfield>
    <subfield code="1">0</subfield>
    <subfield code="2">lcc</subfield>
    <subfield code="4">0</subfield>
    <subfield code="7">0</subfield>
    <subfield code="8">LAW</subfield>
    <subfield code="a">KSUL</subfield>
    <subfield code="b">KSUL</subfield>
    <subfield code="c">DISPLAY</subfield>
    <subfield code="d">2023-11-30</subfield>
    <subfield code="i">31072</subfield>
    <subfield code="l">0</subfield>
    <subfield code="o">K 3320 .D73M325 2009</subfield>
    <subfield code="p">000000001727</subfield>
    <subfield code="r">2023-11-30 14:17:27</subfield>
    <subfield code="t">C.2</subfield>
    <subfield code="w">2023-11-30</subfield>
    <subfield code="y">BK</subfield>
  </datafield>
  <datafield tag="952" ind1=" " ind2=" ">
    <subfield code="0">0</subfield>
    <subfield code="1">0</subfield>
    <subfield code="2">lcc</subfield>
    <subfield code="4">0</subfield>
    <subfield code="7">0</subfield>
    <subfield code="8">LAW</subfield>
    <subfield code="a">KSUL</subfield>
    <subfield code="b">KSUL</subfield>
    <subfield code="c">DISPLAY</subfield>
    <subfield code="d">2023-12-07</subfield>
    <subfield code="i">31074</subfield>
    <subfield code="l">0</subfield>
    <subfield code="o">K 3320 .D73 M325 2009</subfield>
    <subfield code="p">022989</subfield>
    <subfield code="r">2023-12-07 12:44:00</subfield>
    <subfield code="t">4</subfield>
    <subfield code="w">2023-12-07</subfield>
    <subfield code="y">BK</subfield>
  </datafield>
  <datafield tag="952" ind1=" " ind2=" ">
    <subfield code="0">0</subfield>
    <subfield code="1">0</subfield>
    <subfield code="2">lcc</subfield>
    <subfield code="4">0</subfield>
    <subfield code="7">0</subfield>
    <subfield code="8">LAW</subfield>
    <subfield code="a">KSUL</subfield>
    <subfield code="b">KSUL</subfield>
    <subfield code="c">DISPLAY</subfield>
    <subfield code="d">2023-12-07</subfield>
    <subfield code="i">31073</subfield>
    <subfield code="l">0</subfield>
    <subfield code="o">K 3320 .D73 M325 2009</subfield>
    <subfield code="p">022990</subfield>
    <subfield code="r">2023-12-07 12:44:00</subfield>
    <subfield code="t">3</subfield>
    <subfield code="w">2023-12-07</subfield>
    <subfield code="y">BK</subfield>
  </datafield>
  <datafield tag="952" ind1=" " ind2=" ">
    <subfield code="0">0</subfield>
    <subfield code="1">0</subfield>
    <subfield code="2">lcc</subfield>
    <subfield code="4">0</subfield>
    <subfield code="7">0</subfield>
    <subfield code="8">LAW</subfield>
    <subfield code="a">KSUL</subfield>
    <subfield code="b">KSUL</subfield>
    <subfield code="c">DISPLAY</subfield>
    <subfield code="d">2023-12-07</subfield>
    <subfield code="i">31075</subfield>
    <subfield code="l">1</subfield>
    <subfield code="o">K 3320 .D73 M325 2009</subfield>
    <subfield code="p">022988</subfield>
    <subfield code="r">2024-03-18 09:29:00</subfield>
    <subfield code="s">2024-03-04</subfield>
    <subfield code="t">5</subfield>
    <subfield code="w">2023-12-07</subfield>
    <subfield code="y">BK</subfield>
  </datafield>
  <datafield tag="952" ind1=" " ind2=" ">
    <subfield code="0">0</subfield>
    <subfield code="1">0</subfield>
    <subfield code="2">lcc</subfield>
    <subfield code="4">0</subfield>
    <subfield code="7">0</subfield>
    <subfield code="8">LAW</subfield>
    <subfield code="a">KSUL</subfield>
    <subfield code="b">KSUL</subfield>
    <subfield code="c">DISPLAY</subfield>
    <subfield code="d">2026-02-24</subfield>
    <subfield code="i">112049</subfield>
    <subfield code="l">0</subfield>
    <subfield code="o">K 3320 .D73 M325 2009</subfield>
    <subfield code="p">A001360</subfield>
    <subfield code="r">2026-02-24 14:37:00</subfield>
    <subfield code="t">6</subfield>
    <subfield code="w">2026-02-24</subfield>
    <subfield code="y">BK</subfield>
  </datafield>
  <datafield tag="952" ind1=" " ind2=" ">
    <subfield code="0">0</subfield>
    <subfield code="1">0</subfield>
    <subfield code="2">lcc</subfield>
    <subfield code="4">0</subfield>
    <subfield code="7">0</subfield>
    <subfield code="8">LAW</subfield>
    <subfield code="a">KSUL</subfield>
    <subfield code="b">KSUL</subfield>
    <subfield code="c">DISPLAY</subfield>
    <subfield code="d">2026-02-24</subfield>
    <subfield code="i">112050</subfield>
    <subfield code="l">0</subfield>
    <subfield code="o">K 3320 .D73 M325 2009</subfield>
    <subfield code="p">A001359</subfield>
    <subfield code="r">2026-02-24 14:37:00</subfield>
    <subfield code="t">7</subfield>
    <subfield code="w">2026-02-24</subfield>
    <subfield code="y">BK</subfield>
  </datafield>
  <datafield tag="952" ind1=" " ind2=" ">
    <subfield code="0">0</subfield>
    <subfield code="1">0</subfield>
    <subfield code="2">lcc</subfield>
    <subfield code="4">0</subfield>
    <subfield code="7">0</subfield>
    <subfield code="8">LAW</subfield>
    <subfield code="a">KSUL</subfield>
    <subfield code="b">KSUL</subfield>
    <subfield code="c">DISPLAY</subfield>
    <subfield code="d">2026-02-24</subfield>
    <subfield code="i">112051</subfield>
    <subfield code="l">0</subfield>
    <subfield code="o">K 3320 .D73 M325 2009</subfield>
    <subfield code="p">A001358</subfield>
    <subfield code="r">2026-02-24 14:37:00</subfield>
    <subfield code="t">8</subfield>
    <subfield code="w">2026-02-24</subfield>
    <subfield code="y">BK</subfield>
  </datafield>
  <datafield tag="952" ind1=" " ind2=" ">
    <subfield code="0">0</subfield>
    <subfield code="1">0</subfield>
    <subfield code="2">lcc</subfield>
    <subfield code="4">0</subfield>
    <subfield code="7">0</subfield>
    <subfield code="8">LAW</subfield>
    <subfield code="a">KSUL</subfield>
    <subfield code="b">KSUL</subfield>
    <subfield code="c">DISPLAY</subfield>
    <subfield code="d">2026-02-24</subfield>
    <subfield code="i">112052</subfield>
    <subfield code="l">0</subfield>
    <subfield code="o">K 3320 .D73 M325 2009</subfield>
    <subfield code="p">A001357</subfield>
    <subfield code="r">2026-02-24 14:37:00</subfield>
    <subfield code="t">9</subfield>
    <subfield code="w">2026-02-24</subfield>
    <subfield code="y">BK</subfield>
  </datafield>
  <datafield tag="952" ind1=" " ind2=" ">
    <subfield code="0">0</subfield>
    <subfield code="1">0</subfield>
    <subfield code="2">lcc</subfield>
    <subfield code="4">0</subfield>
    <subfield code="7">0</subfield>
    <subfield code="8">LAW</subfield>
    <subfield code="a">KSUL</subfield>
    <subfield code="b">KSUL</subfield>
    <subfield code="c">DISPLAY</subfield>
    <subfield code="d">2026-02-24</subfield>
    <subfield code="i">112053</subfield>
    <subfield code="l">0</subfield>
    <subfield code="o">K 3320 .D73 M325 2009</subfield>
    <subfield code="p">A001361</subfield>
    <subfield code="r">2026-02-24 14:37:00</subfield>
    <subfield code="t">10</subfield>
    <subfield code="w">2026-02-24</subfield>
    <subfield code="y">BK</subfield>
  </datafield>
</record>
